Statistics for Best of Malkiboy's Multiple Choice General Knowledge

Click here to take the quiz!

General Stats

  • This quiz has been taken 18,422 times
  • The average score is 10 of 15

Answer Stats

QuestionAnswer% Correct
What three words did George Mallory say when asked why he wanted to climb Mt. Everest?Because it's there
88%
In the NATO phonetic alphabet, which word stands for the letter Z?Zulu
79%
How would an animal classified as a "Cetacean" normally travel?Swimming
77%
Which two countries own the Virgin Islands?USA & UK
76%
What does "thy" mean?Your
75%
Which word appeared on a map for the first time in 1507?America
72%
What is the Spanish word for "church"?Iglesia
70%
Which of these animals eats primarily ants?Pangolin
70%
What art movement did Salvador Dalí and René Magritte belong to?Surrealism
70%
Which 20th century artist shares a name with a 16th century philosopher?Francis Bacon
66%
In what field did Samuel Beckett win the Nobel Prize in 1969?Literature
64%
What is coral?An animal
63%
What is the median of these numbers: 5, 5, 25, 50, 65?25
62%
Who sacked Rome in 455 AD?The Vandals
55%
Which word refers to someone who's developed an ability earlier than expected?Precocious
52%

Score Distribution

Percentile by Number Answered

Percent of People with Each Score

Your Score History

You have not taken this quiz